000 02244cam a22003018i 4500
001 21720219
005 20230717112732.0
008 200916s2021 enk b 001 0 eng
010 _a 2020041185
020 _a9780367198374
020 _z9780429243578
040 _aDLC
_beng
_erda
_cDLC
042 _apcc
050 0 0 _aHQ 1163 .R68 2021
082 0 0 _a305.48/896
_223
245 0 4 _aThe Routledge companion to Black women's cultural histories /
_cJanell Hobson.
263 _a2103
300 _apages cm
504 _aIncludes bibliographical references and index.
520 _a"In the social and cultural histories of women and feminism, Black women have long been overlooked or ignored. The Routledge Companion to Black Women's Cultural Histories is an impressive and comprehensive reference work for contemporary scholarship on the cultural histories of Black women across the diaspora spanning different eras from ancient times into the twenty-first century. Comprising over thirty chapters by a team of international contributors, the Companion is divided into five parts: A Fragmented Past, An Inclusive Future Contested Histories, Subversive Memories Gendered Lives, Racial Frameworks Cultural Shifts, Social Change, Black Identities, Feminist Formations Within these sections a diverse range of women, places and issues are explored including: The Queen of Sheba, Black Women in Early Modern European Art and Culture, Enslaved Muslim Women in the Antebellum United States, Sally Hemings, and Phillis Wheatley, Black women writers in Early 20th Century Paris, Black women, Civil Rights, South African Apartheid, and sexual violence and resistance in the United States in recent history. The Routledge Companion to Black Women's Cultural Histories is essential reading for students and researchers in Gender Studies, History, Africana Studies and Cultural Studies"--
650 0 _aWomen, Black
_xHistory.
650 0 _aWomen, Black
_xSocial conditions.
650 0 _aWomen, Black
_xSocial life and customs.
700 1 _aHobson, Janell,
_d1973-
_eeditor.
906 _a7
_bcbc
_corignew
_d1
_eecip
_f20
_gy-gencatlg
942 _2lcc
_cBOOKS
_hHQ 1163 .R68 2021
999 _c31684
_d31684